Statistiques concernant Culture Générale - Série 1516

Cliquez ici pour prendre le quiz!

Statistiques générales

  • Ce quiz a été pris 62 fois
  • Le résultat moyen est 5 sur 10

Statistiques - réponses

QuestionRéponse% Correct
Avec l'anglais, quelle est l'autre langue officielle des Jeux olympiques ?français
100%
Quel film de 1982 met en scène des bénévoles de l'association S.O.S. Détresse-Amitié ?Le Père Noël est une ordure
72%
Quel département français porte le numéro 90 ?Territoire de Belfort
60%
Dans quelle ville du Haut-Rhin peut-on flâner dans la "Petite Venise" ?Colmar
59%
Quelle ville de France est représentée en Ligue 1 de football par son club : l'OGCN ?Nice
52%
Avant de se lancer dans une carrière d'humoriste, quelle matière Michel Leeb enseignait-il au lycée ?philosophie
50%
Selon le titre d'une série de bande dessinée d'Hergé, de quel personnage Quick est-il inséparable ?Flupke
29%
Qui a peint le tableau appelé “La Grande Odalisque” en 1814 ?Ingres
26%
Sous quel nom est plus connu le sculpteur italien de la Renaissance Donato di Niccolo di Betto Bardi, auteur du célèbre "David" ?Donatello
24%
Quel verbe, synonyme de "trépigner", désigne l'action d'un cheval qui, sans avancer, frappe le sol en levant et abaissant alternativement ses antérieurs ?piaffer
9%

Distribution des résultats

Percentile par nombre de réponses

% des personnes avec chaque résultat

Votre développement - résultats

Vous n’avez pas pris ce quiz